|
|
|
|
| LEADER |
00861nam a2200253 4500 |
| 001 |
DLU210196070 |
| 005 |
##20210414 |
| 040 |
# |
# |
|a DLU
|b vie
|
| 041 |
# |
# |
|a vie
|
| 044 |
# |
# |
|a vn
|
| 100 |
# |
# |
|a Tôn Sinh Thành.
|
| 245 |
# |
# |
|a Giải mã tầm nhìn Ấn Độ Dương - Thái Bình Dương của Ấn Độ /
|c Tôn Sinh Thành.
|
| 653 |
# |
# |
|a Ấn Độ Dương - Thái Bình Dương
|
| 653 |
# |
# |
|a Liên kết hướng Tây
|
| 653 |
# |
# |
|a Tầm nhìn
|
| 773 |
# |
# |
|t Nghiên cứu quốc tế
|g Số 3(118), 2019, tr. 139-154
|
| 920 |
# |
# |
|a Phòng Tạp chí -- Trung tâm Thông tin - Thư viện Trường Đại học Đà Lạt
|
| 900 |
# |
# |
|a True
|
| 911 |
# |
# |
|a Nguyễn Thị Thu Phương
|
| 925 |
# |
# |
|a G
|
| 926 |
# |
# |
|a A
|
| 927 |
# |
# |
|a BB
|
| 980 |
# |
# |
|a Thư viện Trường Đại học Đà Lạt
|